• 首页
  • 本馆介绍
  • 公告通知
  • 最新文献
  • 馆藏检索
  • 电子资源
  • 读者导购
  • 参考咨询
  • 我的图书馆
  • 登录
  • 详细信息显示
  • 放入我的书架
  • 预约/预借图书
  • 作者相关作品
  • 分类相关作品
  • 丛书相关作品
  • 出版社相关作品

书目信息

  • 表格格式
  • 工作单格式
  • 卡片格式
题名:
教育法学基础
    
 
作者: 李罡 , 谢志东 , 高益民 编著
分册:  
出版信息: 北京   民族出版社  2001.10
页数: 365页
开本: 32开
丛书名:
单 册:
中图分类: D922.161
科图分类:
主题词: 教育法--法的理论--中国
电子资源:
ISBN: 7-105-04627-9
000 00641nam0 2200217 45
001 0303311589
005 20031219104108.3
010    @a7-105-04627-9@dCNY24.80
100    @a20030331d2001 km y0chiy0120 ea
101 0  @achi
105    @a z 000yy
200 1  @a教育法学基础@AJiao Yu Fa Xue Ji Chu@f李罡,谢志东,高益民编著@FLi Gang,Xie Zhi Dong,Gao Yi Min Bian Zhu
210    @a北京@c民族出版社@d2001.10
215    @a365页@d32开
606 0  @a教育法@x法的理论@y中国
690    @aD922.161@v4
701    @a李罡@4编著
701  0 @a谢志东@4编著
701  0 @a高益民@4编著
801    @aCN@bTSTC@c20030331
905    @b321712-714@dD922.161@e305@f3
    
    教育法学基础/李罡,谢志东,高益民编著.-北京:民族出版社,2001.10
    365页;32开
    
    
    ISBN 7-105-04627-9:CNY24.80
    
●
相关链接 在E读中查询图书 在五车中查询图书 在当当中查询图书 在豆瓣中查询图书


正题名:教育法学基础     索取号:D922.161/305         预约/预借

序号 登录号 条形码 馆藏地/架位号 状态 备注
1 0321712   203217125   第一借阅区/ [索取号:D922.161/305] 在馆    
2 0321713   203217134   第一借阅区/ [索取号:D922.161/305] 在馆    
3 0321714   203217143   第一样本阅览室/ [索取号:D922.161/305] 在馆    
唐山师范学院图书馆 欢迎您!
大连网信软件有限公司© 版权所有